1874 1013 1777 1636 1157 1804 1105 1464 1632 1812 1632 1523 1497 1077 1878 1233 1068 1618 1738 1593 1671 1876 1990 1282 1626 1871 1004 1505 1464 1274 1753 1092 1754 1666 1964 1386 1656 1411 1602 1268 1787 1485 1531 1293 1573 1336 1075 1145 1138 1321 1071 1737 1969 1373 1842 1799 1779 1420 1274 1305 1280 1171 1069 1185 1129 1310 1212 1928 1195 1753 1942 1666 1836 1031 1799 1956 1979 1435 1444 1256 1125 1774 1614 1520 1001 1845 1824 1665 1596 1768 1033 1474 1851 1059 1529 1868 1882 1993 1341 BCNSPRNW ULIB Ver.6.0+V

เปลี่ยนเป็นภาษาไทย

Change to English
 แสดงรายละเอียดบรรณานุกรม
  กลับหน้าหลัก

Brief Record : Get Marc (ISO 2709) : E-mail record : QR code < ปิดหน้าต่าง
LEADER : 00000nam 2200000uu 4500
001    13399121015
003     ULIB
008    020711s2549 th a 000 0 tha d
020    9749666984
050    HA62^bส786ร
100    สุธีระ ประเสริฐสรรพ์
245    รู้จักวิจัย...ทำให้เป็น /^cสุธีระ ประเสริฐสรรพ์
250    พิมพ์ครั้งที่ 2
260    กรุงเทพฯ :^bสำนักงานกองทุนสนับสนุนการวิจัย,^c2549
300    160 หน้า
650    ทำวิจัย
650    วิจัย
945    ^p170^l0^i14533
999    ^aทศพร เกษรทอง
รายการนี้ยังไม่มีแท็ก
คุณยังไม่ได้ล็อกอิน คุณสามารถมีกิจกรรมร่วมกับเว็บไซต์ได้ แต่ต้องล็อกอินก่อน ::
  ล็อกอิน

รายการสื่อสารสนเทศ

ลำดับที่ ประเภท เลขเรียก/บาร์โค้ด สถานที่ สถานะ
1. วิทยาศาสตร์การแพทย์ และสุขภาพ
วิทยาศาสตร์การแพทย์ และสุขภาพ
HA62 ส786ร ฉ.1 
  Barcode: 14533
ห้องสมุดวิทยาเขตสวรรค์ประชารักษ์
►หนังสือทั่วไป
บนชั้น

รายการใกล้เคียง
    ผู้แต่ง [สุธีระ ประเสริฐสรรพ์]

    หัวเรื่อง [ทำวิจัย]
    หัวเรื่อง [วิจัย]

BibComment


ยังไม่เคยถูกคอมเมนท์

คอมเมนท์ทรัพยากรรายการนี้
  คอมเมนท์: รู้จักวิจัยทำให้เ..


 Copyright 2026. Bcnsprnw @Library